<?xml version="1.0" encoding="UTF-8"?>
<record
    xmlns:xsi="http://www.w3.org/2001/XMLSchema-instance"
    xsi:schemaLocation="http://www.loc.gov/MARC21/slim http://www.loc.gov/standards/marcxml/schema/MARC21slim.xsd"
    xmlns="http://www.loc.gov/MARC21/slim">

  <leader>00683nam a2200205Ia 4500</leader>
  <controlfield tag="005">20220216094917.0</controlfield>
  <controlfield tag="008">210716s2007    xx            000 0 und d</controlfield>
  <datafield tag="020" ind1=" " ind2=" ">
    <subfield code="a">9780761935889</subfield>
  </datafield>
  <datafield tag="040" ind1=" " ind2=" ">
    <subfield code="c">AIMIT LIBRARY</subfield>
  </datafield>
  <datafield tag="041" ind1=" " ind2=" ">
    <subfield code="a">eng</subfield>
  </datafield>
  <datafield tag="082" ind1=" " ind2=" ">
    <subfield code="a">658.802 </subfield>
    <subfield code="2">2</subfield>
    <subfield code="b">VELS</subfield>
  </datafield>
  <datafield tag="100" ind1=" " ind2=" ">
    <subfield code="a">Velayudhan, Sanal Kumar.</subfield>
    <subfield code="9">20091</subfield>
  </datafield>
  <datafield tag="245" ind1=" " ind2=" ">
    <subfield code="a">Rural marketing :</subfield>
    <subfield code="b">targeting the non urbon consumer /</subfield>
    <subfield code="c">By Sanal Kumar Velayudhan.</subfield>
  </datafield>
  <datafield tag="250" ind1=" " ind2=" ">
    <subfield code="a">2nd ed.</subfield>
  </datafield>
  <datafield tag="260" ind1=" " ind2=" ">
    <subfield code="a">New Delhi :</subfield>
    <subfield code="b">Response Books ,</subfield>
    <subfield code="c">2007.</subfield>
  </datafield>
  <datafield tag="300" ind1=" " ind2=" ">
    <subfield code="a">249p. ;</subfield>
    <subfield code="c">21.5 cm.</subfield>
  </datafield>
  <datafield tag="650" ind1=" " ind2=" ">
    <subfield code="a">Communicating in the rural market landscape</subfield>
    <subfield code="9">20092</subfield>
  </datafield>
  <datafield tag="650" ind1=" " ind2=" ">
    <subfield code="a">Retailer as a route to the rural market</subfield>
    <subfield code="9">20093</subfield>
  </datafield>
  <datafield tag="942" ind1=" " ind2=" ">
    <subfield code="2">ddc</subfield>
    <subfield code="c">BK</subfield>
    <subfield code="e">2nd</subfield>
    <subfield code="k">658.802 VELS</subfield>
  </datafield>
  <datafield tag="999" ind1=" " ind2=" ">
    <subfield code="c">205113</subfield>
    <subfield code="d">205113</subfield>
  </datafield>
  <datafield tag="952" ind1=" " ind2=" ">
    <subfield code="0">0</subfield>
    <subfield code="1">0</subfield>
    <subfield code="2">ddc</subfield>
    <subfield code="4">0</subfield>
    <subfield code="7">0</subfield>
    <subfield code="8">MBA</subfield>
    <subfield code="a">AIMIT</subfield>
    <subfield code="b">AIMIT</subfield>
    <subfield code="d">2010-02-23</subfield>
    <subfield code="g">295.00</subfield>
    <subfield code="i">Bill no:496; Bill dt:2010-02-17</subfield>
    <subfield code="l">0</subfield>
    <subfield code="o">658.802 VELS</subfield>
    <subfield code="p">MBA07679</subfield>
    <subfield code="r">2026-05-23 00:00:00</subfield>
    <subfield code="v">221.25</subfield>
    <subfield code="w">2021-07-16</subfield>
    <subfield code="y">BK</subfield>
  </datafield>
  <datafield tag="952" ind1=" " ind2=" ">
    <subfield code="0">0</subfield>
    <subfield code="1">0</subfield>
    <subfield code="2">ddc</subfield>
    <subfield code="4">0</subfield>
    <subfield code="7">0</subfield>
    <subfield code="8">MBA</subfield>
    <subfield code="a">AIMIT</subfield>
    <subfield code="b">AIMIT</subfield>
    <subfield code="d">2010-02-23</subfield>
    <subfield code="g">295.00</subfield>
    <subfield code="i">Bill no:496; Bill dt:2010-02-17</subfield>
    <subfield code="l">0</subfield>
    <subfield code="o">658.802 VELS</subfield>
    <subfield code="p">MBA07680</subfield>
    <subfield code="r">2026-05-23 00:00:00</subfield>
    <subfield code="v">221.25</subfield>
    <subfield code="w">2021-07-16</subfield>
    <subfield code="y">BK</subfield>
  </datafield>
  <datafield tag="952" ind1=" " ind2=" ">
    <subfield code="0">0</subfield>
    <subfield code="1">0</subfield>
    <subfield code="2">ddc</subfield>
    <subfield code="4">0</subfield>
    <subfield code="7">3</subfield>
    <subfield code="8">MBA</subfield>
    <subfield code="a">AIMIT</subfield>
    <subfield code="b">AIMIT</subfield>
    <subfield code="d">2010-02-23</subfield>
    <subfield code="g">295.00</subfield>
    <subfield code="i">Bill no:496; Bill dt:2010-02-17</subfield>
    <subfield code="l">0</subfield>
    <subfield code="o">658.802 VELS</subfield>
    <subfield code="p">MBA07681</subfield>
    <subfield code="r">2025-07-21 00:00:00</subfield>
    <subfield code="v">221.25</subfield>
    <subfield code="w">2021-07-16</subfield>
    <subfield code="y">BK</subfield>
  </datafield>
  <datafield tag="952" ind1=" " ind2=" ">
    <subfield code="0">0</subfield>
    <subfield code="1">0</subfield>
    <subfield code="2">ddc</subfield>
    <subfield code="4">0</subfield>
    <subfield code="7">0</subfield>
    <subfield code="8">MBA</subfield>
    <subfield code="a">AIMIT</subfield>
    <subfield code="b">AIMIT</subfield>
    <subfield code="d">2010-02-23</subfield>
    <subfield code="g">295.00</subfield>
    <subfield code="i">Bill no:496; Bill dt:2010-02-17</subfield>
    <subfield code="l">0</subfield>
    <subfield code="o">658.802 VELS</subfield>
    <subfield code="p">MBA07682</subfield>
    <subfield code="r">2026-05-23 00:00:00</subfield>
    <subfield code="v">221.25</subfield>
    <subfield code="w">2021-07-16</subfield>
    <subfield code="y">BK</subfield>
  </datafield>
  <datafield tag="952" ind1=" " ind2=" ">
    <subfield code="0">0</subfield>
    <subfield code="1">0</subfield>
    <subfield code="2">ddc</subfield>
    <subfield code="4">0</subfield>
    <subfield code="7">0</subfield>
    <subfield code="8">MBA</subfield>
    <subfield code="a">AIMIT</subfield>
    <subfield code="b">AIMIT</subfield>
    <subfield code="d">2010-02-23</subfield>
    <subfield code="g">295.00</subfield>
    <subfield code="i">Bill no:496; Bill dt:2010-02-17</subfield>
    <subfield code="l">0</subfield>
    <subfield code="o">658.802 VELS</subfield>
    <subfield code="p">MBA07683</subfield>
    <subfield code="r">2026-05-23 00:00:00</subfield>
    <subfield code="v">221.25</subfield>
    <subfield code="w">2021-07-16</subfield>
    <subfield code="y">BK</subfield>
  </datafield>
  <datafield tag="952" ind1=" " ind2=" ">
    <subfield code="0">0</subfield>
    <subfield code="1">0</subfield>
    <subfield code="2">ddc</subfield>
    <subfield code="4">0</subfield>
    <subfield code="7">0</subfield>
    <subfield code="8">MBA</subfield>
    <subfield code="a">AIMIT</subfield>
    <subfield code="b">AIMIT</subfield>
    <subfield code="d">2010-02-23</subfield>
    <subfield code="g">295.00</subfield>
    <subfield code="i">Bill no:496; Bill dt:2010-02-17</subfield>
    <subfield code="l">0</subfield>
    <subfield code="o">658.802 VELS</subfield>
    <subfield code="p">MBA07684</subfield>
    <subfield code="r">2026-05-23 00:00:00</subfield>
    <subfield code="v">221.25</subfield>
    <subfield code="w">2021-07-16</subfield>
    <subfield code="y">BK</subfield>
  </datafield>
  <datafield tag="952" ind1=" " ind2=" ">
    <subfield code="0">0</subfield>
    <subfield code="1">0</subfield>
    <subfield code="2">ddc</subfield>
    <subfield code="4">0</subfield>
    <subfield code="7">0</subfield>
    <subfield code="8">MBA</subfield>
    <subfield code="a">AIMIT</subfield>
    <subfield code="b">AIMIT</subfield>
    <subfield code="d">2010-02-23</subfield>
    <subfield code="g">295.00</subfield>
    <subfield code="i">Bill no:496; Bill dt:2010-02-17</subfield>
    <subfield code="l">0</subfield>
    <subfield code="o">658.802 VELS</subfield>
    <subfield code="p">MBA07685</subfield>
    <subfield code="r">2026-05-23 00:00:00</subfield>
    <subfield code="v">221.25</subfield>
    <subfield code="w">2021-07-16</subfield>
    <subfield code="y">BK</subfield>
  </datafield>
</record>
